[Event "Montigny le Bretonneux Noel op 10th"]
[Site "Montigny le Bretonneux"]
[Date "2007.12.29"]
[Round "5"]
[White "Brisson, Michele"]
[Black "Sabathie, Emmanuel"]
[Result "0-1"]
[WhiteElo "1020"]
[BlackElo "1280"]
[PlyCount "94"]
[EventDate "2007.12.26"]
[EventType "swiss"]
[EventRounds "7"]
[EventCountry "FRA"]
[SourceTitle "CBM 122 Extra"]
[Source "ChessBase"]
[SourceDate "2008.03.04"]
[SourceVersion "1"]
[SourceVersionDate "2008.03.04"]
[SourceQuality "1"]

1. d4 Nf6 2. Nc3 e6 3. e4 Nc6 4. d5 Ne5 5. Bf4 Ng6 6. dxe6 fxe6 7. Bd2 Bc5 8. Nf3 0-0 9. e5 Ng4 10. Qe2 Bxf2+ 11. Kd1 Bc5 12. h3 Nf2+ 13. Kc1 Nxh1 14. Be1 b6 15. g3 Bb7 16. Bg2 Bxf3 17. Bxf3 Qg5+ 18. Bd2 Qxg3 19. Bxa8 Rxa8 20. Be1 Qxe5 21. Qxe5 Nxe5 22. Na4 Be7 23. Bc3 Rf8 24. b3 Nc6 25. Kb2 Ng3 26. Rg1 Nf5 27. Rf1 Bf6 28. Bxf6 Rxf6 29. Nc3 Ncd4 30. Ne4 Rh6 31. Rh1 d5 32. Ng5 e5 33. c3 Ne6 34. Nxe6 Rxe6 35. a3 c5 36. a4 d4 37. Rf1 g6 38. Kc2 Ne3+ 39. Kd3 e4+ 40. Ke2 Nxf1 41. Kxf1 e3 42. Ke2 d3+ 43. Kxd3 e2 44. b4 e1Q 45. bxc5 Re3+ 46. Kc4 Qxc3+ 47. Kd5 Qxc5# 0-1

[Event "Montigny le Bretonneux Noel op 10th"]
[Site "Montigny le Bretonneux"]
[Date "2007.12.28"]
[Round "4"]
[White "Sabathie, Emmanuel"]
[Black "Rodriguez, Jean Pierre"]
[Result "0-1"]
[WhiteElo "1280"]
[BlackElo "1705"]
[PlyCount "78"]
[EventDate "2007.12.26"]
[EventType "swiss"]
[EventRounds "7"]
[EventCountry "FRA"]
[SourceTitle "CBM 122 Extra"]
[Source "ChessBase"]
[SourceDate "2008.03.04"]
[SourceVersion "1"]
[SourceVersionDate "2008.03.04"]
[SourceQuality "1"]

1. e4 e6 2. d4 d5 3. Nc3 Bb4 4. Bd3 c5 5. Bb5+ Bd7 6. Bxd7+ Nxd7 7. exd5 exd5 8. Nge2 c4 9. 0-0 Ngf6 10. Bg5 Qc7 11. a3 Ba5 12. Qe1 0-0 13. f4 Rfe8 14. Qf2 a6 15. Nd1 Qd6 16. Ng3 Ne4 17. Nxe4 Rxe4 18. Ne3 Rae8 19. f5 Rxd4 20. c3 Rde4 21. Rfe1 Bb6 22. Kh1 Nc5 23. Qf3 Nd3 24. Re2 f6 25. Bh4 Bxe3 26. Bg3 Bf4 27. Bxf4 Nxf4 28. Rxe4 Rxe4 29. Qg3 Qe5 30. Rf1 Qxf5 31. h3 Qg5 32. Qh2 h5 33. h4 Qg4 34. a4 b5 35. axb5 axb5 36. Ra1 Kh7 37. Rf1 Nd3 38. g3 Re2 39. Qg1 Qh3+ 0-1

[Event "Montigny le Bretonneux Noel op 10th"]
[Site "Montigny le Bretonneux"]
[Date "2007.12.27"]
[Round "2"]
[White "Fayolle, Guy"]
[Black "Sabathie, Emmanuel"]
[Result "1-0"]
[WhiteElo "1937"]
[BlackElo "1280"]
[PlyCount "105"]
[EventDate "2007.12.26"]
[EventType "swiss"]
[EventRounds "7"]
[EventCountry "FRA"]
[SourceTitle "CBM 122 Extra"]
[Source "ChessBase"]
[SourceDate "2008.03.04"]
[SourceVersion "1"]
[SourceVersionDate "2008.03.04"]
[SourceQuality "1"]

1. e4 c5 2. Nf3 Nc6 3. d4 cxd4 4. Nxd4 e6 5. Nc3 Nf6 6. Bf4 a6 7. e5 Qc7 8. Nxc6 bxc6 9. Qd4 Nd5 10. Nxd5 cxd5 11. c3 Bc5 12. Qd3 a5 13. Qg3 Rg8 14. Bd3 g5 15. h4 h6 16. hxg5 Bb7 17. Rxh6 0-0-0 18. Rh7 Qb6 19. b3 d4 20. cxd4 Qb4+ 21. Bd2 Qxd4 22. Rc1 Kb8 23. Bxa5 Rc8 24. Bd2 Ba6 25. Bxa6 Qe4+ 26. Kf1 Qxh7 27. Qf3 d5 28. exd6 f5 29. gxf6 Bxd6 30. Rxc8+ Rxc8 31. Bxc8 Kxc8 32. Qc6+ Bc7 33. Bf4 Qd3+ 34. Ke1 Qb1+ 35. Qc1 Qe4+ 36. Be3 Qxg2 37. Qc4 Qh1+ 38. Kd2 Qh3 39. Bf4 Qh7 40. Qxc7+ Qxc7 41. Bxc7 Kxc7 42. f7 e5 43. Ke3 Kd7 44. f8Q e4 45. Kxe4 Ke6 46. Qh6+ Kd7 47. Ke5 Kc7 48. Qd6+ Kb7 49. Kd5 Ka7 50. Qc7+ Ka8 51. Qf7 Kb8 52. Kc6 Ka8 53. Qb7# 1-0

[Event "Montigny le Bretonneux Noel op 10th"]
[Site "Montigny le Bretonneux"]
[Date "2007.12.27"]
[Round "3"]
[White "Sabathie, Emmanuel"]
[Black "Dagonia, Steve"]
[Result "0-1"]
[WhiteElo "1280"]
[BlackElo "1762"]
[PlyCount "118"]
[EventDate "2007.12.26"]
[EventType "swiss"]
[EventRounds "7"]
[EventCountry "FRA"]
[SourceTitle "CBM 122 Extra"]
[Source "ChessBase"]
[SourceDate "2008.03.04"]
[SourceVersion "1"]
[SourceVersionDate "2008.03.04"]
[SourceQuality "1"]

1. e4 d6 2. d4 Nf6 3. Nc3 c6 4. Bf4 Qa5 5. Qd2 e5 6. Bg3 Nbd7 7. Nf3 Be7 8. Be2 Nh5 9. Ng5 Nxg3 10. b4 Qxb4 11. hxg3 Bxg5 12. f4 exd4 13. Nd5 Qxd2+ 14. Kxd2 cxd5 15. fxg5 dxe4 16. Rhf1 a6 17. Rf4 Nc5 18. Raf1 Be6 19. Bh5 g6 20. Be2 Rc8 21. a3 Rc7 22. g4 d5 23. g3 Na4 24. Kc1 Nc3 25. R1f2 Nxe2+ 26. Rxe2 d3 27. Rd2 Rxc2+ 28. Rxc2 dxc2 29. Kxc2 Ke7 30. a4 Rc8+ 31. Kd2 Rc4 32. a5 Ra4 33. Ke3 Rxa5 34. Kd4 Ra4+ 35. Ke3 d4+ 36. Kd2 e3+ 37. Kd3 b5 38. Ke2 d3+ 39. Kxd3 Rxf4 40. gxf4 Bxg4 41. f5 Bxf5+ 42. Kxe3 b4 43. Kd2 f6 44. Kc1 fxg5 45. Kb2 g4 46. Kb3 g3 47. Kxb4 g2 48. Kc4 g1Q 49. Kc3 Qd1 50. Kb2 Qb3+ 51. Kxb3 h5 52. Kc3 h4 53. Kd4 h3 54. Ke3 h2 55. Kf4 h1Q 56. Kg5 Qe4 57. Kh6 Kf7 58. Kg5 Qg4+ 59. Kh6 Qh4# 0-1